000 00269nam a22001337a 4500
999 _c54961
_d54961
008 200121b ||||| |||| 00| 0 eng d
041 _aeng
080 _a510
082 _a510
100 _a36
101 _aMAT
245 _aMatematika
_cSedvic,M
942 _2udc
_cBK